Szczegóły MARC21

Deutsche Sagen. Bd. 1 /

003 -Nazwa inst., której nr kontr. jest w polu 001 [,]
    • @
    • Nazwa instytucji, której n kontrolny jest w polu 001
    • NUKAT
005 -DATA I CZAS OSTATNIEJ MODYFIKACJI [,]
    • @
    • pole kontrolne
    • 20241231094055.0
020 -Międzynarod. znormalizowany nr książki - ISBN [ , ]
    • a
    • Numer ISBN
    • 3458321810 Find
040 -Instytucja sporządzająca opis [ , ]
    • a
    • Instytucja, która sporządziła opis (NP)
    • KR 119/IK
    • c
    • Instytucja, która sporządziła rekord (NP)
    • KR 119/IK
942 -Rodzaj dokumentu [ , ]
    • c
    • Rodzaj dokumentu
    • Książka
100 -Hasło główne - nazwa osobowa [1, ]
    • a
    • Nazwa osobowa (NP)
    • Grimm, Jacob
    • d
    • Daty biograficzne (NP)
    • (1785-1863).
    • 9
    • KHW
    • 25923
245 -Strefa tytułu i oznaczenia odpowiedzialności [1,0]
    • a
    • Tytuł
    • Deutsche Sagen. Find
    • n
    • Oznaczenie części (P)
    • Bd. 1 /
    • c
    • Pozostałe elementy strefy tytułu i oznaczenia odpowiedzialności (NP)
    • hrsg. von den Brüdern Grimm ; mit Illustrationen von Otto Ubbelohde.
260 -Strefa adresu wydawniczego [ , ]
    • a
    • Miejsce wydania (P)
    • Frankfurt am Main :
    • b
    • Nazwa wydawcy (P)
    • Insel Verlag,
    • c
    • Data wydania (P)
    • 1981.
300 -Strefa opisu fizycznego [ , ]
    • a
    • Określenie formy książki i/lub objętość (NP)
    • 396, [1] s. :
    • b
    • Oznaczenie ilustracji (NP)
    • il. ;
    • c
    • Format (NP)
    • 18 cm.
336 -Typ zawartości [ , ]
    • a
    • Termin opisujący typ zawartości
    • Tekst
    • b
    • Kod określający zawartość
    • txt
    • 2
    • Źródło (terminu i kodu)
    • rdacontent
337 -Typ mediów [ , ]
    • a
    • Tryb odtwarzania
    • Bez urządzenia pośredniczącego
    • b
    • Kod typu mediów
    • n
    • 2
    • Źródło (terminu i kodu)
    • rdamedia
338 -Typ/rodzaj nośnika [ , ]
    • a
    • Hasło opisujące typ nośnika
    • Wolumin
    • b
    • Kod typu nośnika
    • nc
    • 2
    • Źródło (terminu i kodu)
    • rdacarrier
490 -Strefa serii i książki wielotomowej - forma nie do wyszukiwania [1, ]
    • a
    • Tytuł (P)
    • Insel Taschenbuch ; Find
    • v
    • Numeracja (P)
    • 481
830 -Hasło dodatkowe serii i opisu książki wielotomowej - tytuł ujednolicony/tytuł [ ,0]
    • a
    • Tytuł ujednolicony/tytuł (NP)
    • Insel Taschenbuch
    • v
    • Oznaczenie tomu (NP)
    • 481
    • 9
    • KHW
    • 402164
080 -Uniwersalna Klasyfikacja Dziesiętna [ , ]
    • a
    • Symbol klasyfikacji
    • 830-93=30
980 -Symbol UKD [ , ]
    • a
    • UKD
    • 830-93=30
700 -Hasło dodatkowe - nazwa osobowa [1, ]
    • a
    • Nazwa osobowa (NP)
    • Grimm, Wilhelm Find
    • d
    • Daty biograficzne (NP)
    • (1786-1859).
    • 9
    • KHW
    • 25924
700 -Hasło dodatkowe - nazwa osobowa [1, ]
    • a
    • Nazwa osobowa (NP)
    • Ubbelohde, Otto Find
    • d
    • Daty biograficzne (NP)
    • (1867-1922).
    • e
    • Określenie rodzaju współpracy
    • Il.
    • 9
    • KHW
    • 44950
920 -ISBN [ , ]
    • a
    • ISBN
    • 3-458-32181-0 Find
Sygnatura Data inwentaryzacji Lokalizacja Numer inwentarzowy Status udost.
 1998-08-28BMG.135691
Germ. Antologie 181998-08-28BMG.13567-3
Germ. Antologie 201998-08-28BMG.13568-3
 1998-08-28BMG.13570-3
 1998-08-28BMG.13571-3
 1998-08-28GG.13572-6
 1998-08-28GG.13573-6
 1998-08-28GG.13574-6
 1998-08-28GG.13575-6
 1998-08-28GG.13576-6